|
|
|
|
| LEADER |
00000cam a2200000 7i4500 |
| 001 |
0000000863 |
| 005 |
20001017.0 |
| 020 |
0 |
0 |
|a 9839592718
|
| 090 |
0 |
0 |
|a 684.106
|b HAM 1997
|
| 100 |
0 |
0 |
|a HAMDAN Husain
|
| 245 |
1 |
0 |
|a Panduan ikatan sendi perabot rotan :
|b Analisis kuantiti bahan dan kos
|c oleh Hamdan Husain, Wan Tarmeze Wan Ariffin & Wan Abdul Nasir Harani
|
| 260 |
0 |
0 |
|a Kuala Lumpur :
|b Institut Penyelidikan Perhutanan Malaysia (FRIM) ,
|c 1997
|
| 300 |
|
|
|a 51 p. :
|b ill. ;
|c 23 cm.
|
| 440 |
0 |
0 |
|a FRIM technical information handbook
|v n. 13
|
| 500 |
0 |
0 |
|a Bibliography: [p. 51]
|
| 650 |
0 |
0 |
|a Rattan furniture industry
|
| 700 |
0 |
1 |
|a Wan Abdul Nasir Harani
|
| 700 |
0 |
1 |
|a Wan Tarmeze Wan Ariffin
|
| 999 |
|
|
|a 0000001939
|b Monograph
|c Open Shelf
|e Default branch
|